Music Quiz

Random Music or Rock Quiz

Find the Fangirl: Classic Rock Quiz Stats

Quiz not verified by Sporcle

Challenge
Share
Tweet
Score 0/16 Timer 03:00
0 Plays Today
% Correct
The Jimi Hendrix Experience
96.1%
The Doors
95%
Aerosmith
94.4%
Pink Floyd
94.4%
Meat Loaf
93.3%
Fleetwood Mac
92.8%
The Rolling Stones
92.8%
Led Zeppelin
90.6%
% Correct
Cheap Trick
89.4%
Ted Nugent
87.2%
Boston
86.1%
The Eagles
82.2%
Kansas
82.2%
Bad Company
81.1%
Grateful Dead
78.3%
The Allman Brothers Band
76.1%

You're not logged in!

Compare scores with friends on all Sporcle quizzes.
Sign Up with Email
OR
Log In

You Might Also Like...

Show Comments

Extras

Top Quizzes Today


Score Distribution

Your Account Isn't Verified!

In order to create a playlist on Sporcle, you need to verify the email address you used during registration. Go to your Sporcle Settings to finish the process.

Report this User

Report this user for behavior that violates our Community Guidelines.

Details: